[Event "Aspropyrgos op-A 1st"]
[Site "Aspropyrgos"]
[Date "2019.09.21"]
[Round "8"]
[White "Haralabidis, Tengkiz"]
[Black "Moshou, Alexia"]
[Result "1/2-1/2"]
[WhiteElo "1872"]
[BlackElo "1586"]
[PlyCount "95"]
[EventDate "2019.09.14"]
[EventType "swiss"]
[EventRounds "9"]
[EventCountry "GRE"]
[SourceTitle "CBM 195 Extra"]
[Source "ChessBase"]
[SourceDate "2020.05.31"]
[SourceVersion "1"]
[SourceVersionDate "2020.05.31"]
[SourceQuality "1"]

1. Nf3 Nf6 2. g3 g6 3. Bg2 Bg7 4. 0-0 0-0 5. d3 d6 6. e4 e5 7. Nbd2 Nh5 8. Re1 Qe8 9. c3 f5 10. exf5 gxf5 11. d4 f4 12. dxe5 dxe5 13. Nf1 Nc6 14. Ng5 Qg6 15. h4 fxg3 16. fxg3 h6 17. Ne4 Kh8 18. Qe2 Bg4 19. Qe3 Ne7 20. Nf2 Be6 21. Bxb7 Nf5 22. Qe4 Nhxg3 23. Nxg3 Qxg3+ 24. Qg2 Qxg2+ 25. Bxg2 Rad8 26. Ng4 Nxh4 27. Nxh6 Bxh6 28. Bxh6 Rg8 29. Re2 Bd5 30. Rd1 Nxg2 31. Kf2 Nh4 32. Rxe5 Rg2+ 33. Ke3 Rg3+ 34. Kf4 Ng6+ 35. Kxg3 Nxe5 36. Bg5 Rd6 37. Bf6+ Rxf6 38. Rxd5 Rf3+ 39. Kg2 Re3 40. Kf2 Re4 41. Ra5 Nc6 42. Rc5 Re6 43. b4 a6 44. a4 Rd6 45. b5 axb5 46. axb5 Na7 47. Rxc7 Nxb5 48. Rc5 1/2-1/2

[Event "Aspropyrgos op-A 1st"]
[Site "Aspropyrgos"]
[Date "2019.09.19"]
[Round "6"]
[White "Agriopoulos, Konstantinos"]
[Black "Haralabidis, Tengkiz"]
[Result "1-0"]
[WhiteElo "1925"]
[BlackElo "1872"]
[PlyCount "57"]
[EventDate "2019.09.14"]
[EventType "swiss"]
[EventRounds "9"]
[EventCountry "GRE"]
[SourceTitle "CBM 195 Extra"]
[Source "ChessBase"]
[SourceDate "2020.05.31"]
[SourceVersion "1"]
[SourceVersionDate "2020.05.31"]
[SourceQuality "1"]

1. e4 c6 2. Nc3 d5 3. Nf3 Bg4 4. h3 Bxf3 5. Qxf3 Nf6 6. d3 e6 7. Bg5 Be7 8. 0-0-0 h6 9. Bf4 d4 10. Ne2 Qb6 11. Be5 c5 12. g4 Nc6 13. Bh2 g5 14. Ng3 0-0-0 15. Bg2 Ne5 16. Qe2 Ng6 17. Nf5 Bf8 18. e5 Nd5 19. Bxd5 Rxd5 20. Qe4 Qc6 21. Nd6+ Bxd6 22. exd6 e5 23. Rhe1 Qxd6 24. Qf5+ Qd7 25. Qf6 Qe6 26. Qg7 f5 27. Rxe5 Rxe5 28. Bxe5 Rg8 29. Qc7# 1-0

[Event "Aspropyrgos op-A 1st"]
[Site "Aspropyrgos"]
[Date "2019.09.15"]
[Round "2"]
[White "Haralabidis, Tengkiz"]
[Black "Kostouros, Alexandros"]
[Result "0-1"]
[WhiteElo "1872"]
[BlackElo "2063"]
[PlyCount "78"]
[EventDate "2019.09.14"]
[EventType "swiss"]
[EventRounds "9"]
[EventCountry "GRE"]
[SourceTitle "CBM 195 Extra"]
[Source "ChessBase"]
[SourceDate "2020.05.31"]
[SourceVersion "1"]
[SourceVersionDate "2020.05.31"]
[SourceQuality "1"]

1. Nf3 d5 2. d3 c5 3. Nbd2 Nc6 4. g3 e5 5. e4 d4 6. Bg2 Bd6 7. 0-0 Nge7 8. Nh4 0-0 9. a4 Rb8 10. Nc4 Bc7 11. Bd2 a6 12. a5 Be6 13. b3 Bxc4 14. bxc4 Bxa5 15. Bxa5 Nxa5 16. f4 Nac6 17. Bh3 a5 18. Qh5 g6 19. Qh6 Kh8 20. fxe5 Ng8 21. Qd2 b6 22. e6 f6 23. Ng2 Qd6 24. Nf4 Nd8 25. Qe2 g5 26. e5 fxe5 27. Ng6+ hxg6 28. Rxf8 Nc6 29. Rxb8 Qxb8 30. Qe4 Nge7 31. Qg4 Kg7 32. Qxg5 Qh8 33. Bg2 Qh5 34. Qxh5 gxh5 35. Rf1 a4 36. Ra1 Nb4 37. Rxa4 Nxc2 38. Ra6 Nb4 39. Be4 Nxa6 0-1

[Event "Peristeri IRT 2nd"]
[Site "Peristeri"]
[Date "2016.02.09"]
[Round "5"]
[White "Haralabidis, Tengkiz"]
[Black "Fragkos, Vasileios"]
[Result "1/2-1/2"]
[WhiteElo "1860"]
[BlackElo "2087"]
[PlyCount "33"]
[EventDate "2016.01.12"]
[EventType "tourn"]
[EventRounds "7"]
[EventCountry "GRE"]
[SourceTitle "EXT 2024"]
[Source "ChessBase"]
[SourceDate "2023.10.10"]
[SourceVersion "1"]
[SourceVersionDate "2023.10.10"]
[SourceQuality "1"]

1. e4 c6 2. d4 d5 3. exd5 cxd5 4. Bd3 Nc6 5. c3 Qc7 6. h3 Nf6 7. Ne2 e5 8. dxe5 Nxe5 9. Bb5+ Bd7 10. Bxd7+ Qxd7 11. 0-0 Be7 12. Nd4 0-0 13. Bg5 h6 14. Bxf6 Bxf6 15. Nd2 Nc4 16. b3 Bxd4 17. cxd4 1/2-1/2

[Event "Peristeri IRT 2nd"]
[Site "Peristeri"]
[Date "2016.02.02"]
[Round "4"]
[White "Valellis, Georgios"]
[Black "Haralabidis, Tengkiz"]
[Result "1-0"]
[WhiteElo "2035"]
[BlackElo "1860"]
[PlyCount "53"]
[EventDate "2016.01.12"]
[EventType "tourn"]
[EventRounds "7"]
[EventCountry "GRE"]
[SourceTitle "EXT 2024"]
[Source "ChessBase"]
[SourceDate "2023.10.10"]
[SourceVersion "1"]
[SourceVersionDate "2023.10.10"]
[SourceQuality "1"]

1. e4 c5 2. Nf3 Nc6 3. Bb5 g6 4. Bxc6 dxc6 5. d3 Bg7 6. h3 Nf6 7. Nc3 0-0 8. Be3 Nd7 9. Qd2 Re8 10. Bh6 Bh8 11. h4 Nf6 12. h5 Bg4 13. hxg6 fxg6 14. Ng5 e5 15. f3 Bd7 16. g4 Qe7 17. 0-0-0 Rad8 18. Qg2 Bc8 19. Ne2 Bg7 20. Bxg7 Qxg7 21. Qh2 Re7 22. Ng3 Kh8 23. Rdg1 Rg8 24. Qd2 Ne8 25. Rxh7+ Qxh7 26. Nxh7 Rxh7 27. Qg5 1-0

[Event "Peristeri Young Men 1st"]
[Site "Peristeri"]
[Date "2015.11.09"]
[Round "1"]
[White "Haralabidis, Tengkiz"]
[Black "Beliotis, Georgios"]
[Result "0-1"]
[WhiteElo "1874"]
[BlackElo "1903"]
[PlyCount "132"]
[EventDate "2015.11.09"]
[EventType "tourn"]
[EventRounds "7"]
[EventCountry "GRE"]
[SourceTitle "EXT 2024"]
[Source "ChessBase"]
[SourceDate "2023.10.10"]
[SourceVersion "1"]
[SourceVersionDate "2023.10.10"]
[SourceQuality "1"]

1. e4 c5 2. Nc3 g6 3. f4 Bg7 4. Nf3 Nc6 5. Bc4 d6 6. d3 e6 7. f5 exf5 8. 0-0 Nge7 9. Qe1 Be6 10. Bxe6 fxe6 11. exf5 exf5 12. Ng5 Qd7 13. Bf4 Nd4 14. Qd2 h6 15. Nf3 g5 16. Bg3 f4 17. Be1 0-0-0 18. Nxd4 Bxd4+ 19. Bf2 Nf5 20. Nd1 Bxf2+ 21. Rxf2 Rde8 22. b4 Re6 23. Qc3 Qg7 24. bxc5 Qxc3 25. Nxc3 dxc5 26. g3 Ne3 27. Re1 Rhe8 28. gxf4 gxf4 29. h3 Rg8+ 30. Kh2 Ng4+ 31. hxg4 Rxe1 32. Rxf4 Rc1 33. Rf2 b6 34. Rg2 Kd7 35. Ne4 Ke6 36. Kg3 Ke5 37. Nd2 Kd5 38. Nf3 Rf1 39. Rh2 Rf8 40. Rh5+ Kc6 41. Rxh6+ Kb5 42. Ne5 Rg1+ 43. Kh2 Re1 44. c4+ Ka6 45. Re6 Rf3 46. Rxb6+ Kxb6 47. Nxf3 Re2+ 48. Kg3 Rxa2 49. g5 Re2 50. Kf4 a5 51. g6 Re8 52. d4 cxd4 53. Nxd4 a4 54. Nb5 Rc8 55. Na3 Ka5 56. Kf5 Kb4 57. Nb5 Rxc4 58. g7 Rc8 59. Nd4 Kc5 60. Ne6+ Kd6 61. Kf6 a3 62. Nd4 a2 63. Nb3 Kd5 64. Kf7 Kc4 65. g8Q Rxg8 66. Kxg8 Kxb3 0-1

[Event "Nikaia op 23rd"]
[Site "Nikaia"]
[Date "2015.09.03"]
[Round "8"]
[White "Haralabidis, Tengkiz"]
[Black "Krallis, Christos"]
[Result "1-0"]
[WhiteElo "1991"]
[BlackElo "1835"]
[PlyCount "42"]
[EventDate "2015.08.26"]
[EventType "swiss"]
[EventRounds "9"]
[EventCountry "GRE"]
[SourceTitle "EXT 2016"]
[Source "ChessBase"]
[SourceDate "2015.10.08"]
[SourceVersion "1"]
[SourceVersionDate "2015.10.08"]
[SourceQuality "1"]

1. e4 c5 2. Nc3 Nc6 3. f4 g6 4. Nf3 Bg7 5. Bc4 d6 6. 0-0 e6 7. f5 gxf5 8. d3 Nf6 9. exf5 d5 10. Bb5 exf5 11. Re1+ Kf8 12. Bxc6 bxc6 13. Bg5 Be6 14. Qd2 h6 15. Bh4 d4 16. Na4 Qd6 17. Bg3 Qe7 18. Nh4 Nd7 19. Nxf5 Qf6 20. Bd6+ Kg8 21. Nxg7 Qxg7 1-0

[Event "Nikaia op 23rd"]
[Site "Nikaia"]
[Date "2015.09.02"]
[Round "7"]
[White "Alexakis, Georgios"]
[Black "Haralabidis, Tengkiz"]
[Result "1/2-1/2"]
[WhiteElo "1907"]
[BlackElo "1991"]
[PlyCount "115"]
[EventDate "2015.08.26"]
[EventType "swiss"]
[EventRounds "9"]
[EventCountry "GRE"]
[SourceTitle "EXT 2016"]
[Source "ChessBase"]
[SourceDate "2015.10.08"]
[SourceVersion "1"]
[SourceVersionDate "2015.10.08"]
[SourceQuality "1"]

1. e4 c5 2. Nf3 Nc6 3. d4 cxd4 4. Nxd4 d5 5. Bb5 dxe4 6. Nxc6 Qxd1+ 7. Kxd1 a6 8. Ba4 Bd7 9. Nc3 Bxc6 10. Bxc6+ bxc6 11. Nxe4 e5 12. g4 h5 13. g5 f5 14. gxf6 gxf6 15. f4 0-0-0+ 16. Ke2 Rd4 17. Nf2 Nh6 18. fxe5 fxe5 19. b3 Ng4 20. Bb2 Rd7 21. Ne4 Bh6 22. Rad1 Bf4 23. h3 Rxd1 24. Rxd1 Ne3 25. Rd6 Kc7 26. Re6 Nxc2 27. Bxe5+ Bxe5 28. Rxe5 Nb4 29. a4 Nd5 30. Rf5 a5 31. Nf6 Nxf6 32. Rxf6 Rb8 33. Rf7+ Kd6 34. Rf6+ Kd7 35. Rf7+ Ke6 36. Rh7 Rxb3 37. Rxh5 Kd6 38. Rxa5 Rxh3 39. Ra8 Kc5 40. Kd2 Ra3 41. Kc2 Kb4 42. Rb8+ Kc4 43. Rh8 Ra2+ 44. Kb1 Rxa4 45. Rh4+ Kb5 46. Rh5+ c5 47. Kb2 Rg4 48. Rh3 Kb4 49. Kc2 Rg2+ 50. Kc1 c4 51. Rf3 Rg1+ 52. Kc2 Ra1 53. Rg3 Ra2+ 54. Kc1 Rh2 55. Rf3 Rh4 56. Kc2 c3 57. Rf8 Rh2+ 58. Kc1 1/2-1/2

[Event "Nikaia Fysiolatriko op A"]
[Site "Nikaia"]
[Date "2015.06.21"]
[Round "6"]
[White "Katsiris, Ioannis"]
[Black "Haralabidis, Tengkiz"]
[Result "0-1"]
[WhiteElo "1991"]
[BlackElo "2072"]
[PlyCount "82"]
[EventDate "2015.06.16"]
[EventType "swiss"]
[EventRounds "9"]
[EventCountry "GRE"]
[SourceTitle "EXT 2024"]
[Source "ChessBase"]
[SourceDate "2023.10.10"]
[SourceVersion "1"]
[SourceVersionDate "2023.10.10"]
[SourceQuality "1"]

1. d4 c5 2. d5 e5 3. c4 d6 4. e4 Be7 5. Nf3 Nf6 6. Nc3 0-0 7. h3 Ne8 8. Bd3 Nd7 9. g4 a6 10. Qe2 Rb8 11. a4 Kh8 12. Bd2 Nef6 13. Nh2 Ne8 14. Nf1 Bg5 15. Ng3 g6 16. 0-0-0 Bf4 17. h4 Ndf6 18. Bxf4 exf4 19. Nf5 Nd7 20. Nh6 Ne5 21. f3 Bd7 22. g5 Ng7 23. Ng4 Bxg4 24. fxg4 f6 25. Qh2 f3 26. Qh3 Kg8 27. h5 fxg5 28. hxg6 hxg6 29. Be2 fxe2 30. Qh7+ Kf7 31. Nxe2 Rg8 32. Rdf1+ Ke7 33. Ng3 Kd7 34. Nf5 gxf5 35. gxf5 Nd3+ 36. Kc2 Nb4+ 37. Kb1 Qf6 38. Rh6 Qd4 39. Rxd6+ Kxd6 40. e5+ Qxe5 41. f6 Qe2 0-1

[Event "Nikaia Fysiolatriko op A"]
[Site "Nikaia"]
[Date "2015.06.19"]
[Round "3"]
[White "Haralabidis, Tengkiz"]
[Black "Nikolaou, Spyridon"]
[Result "0-1"]
[WhiteElo "2072"]
[BlackElo "2010"]
[PlyCount "80"]
[EventDate "2015.06.16"]
[EventType "swiss"]
[EventRounds "9"]
[EventCountry "GRE"]
[SourceTitle "EXT 2024"]
[Source "ChessBase"]
[SourceDate "2023.10.10"]
[SourceVersion "1"]
[SourceVersionDate "2023.10.10"]
[SourceQuality "1"]

1. e4 c5 2. Nc3 Nc6 3. f4 e6 4. Nf3 d5 5. Bb5 Nge7 6. Qe2 d4 7. Nb1 a6 8. Bxc6+ Nxc6 9. d3 b5 10. 0-0 Be7 11. a4 Rb8 12. b3 0-0 13. Bd2 Qb6 14. Kh1 f5 15. axb5 axb5 16. e5 Bb7 17. h3 Ra8 18. Rxa8 Rxa8 19. Rc1 Ra1 20. Kh2 Qa6 21. Qd1 Qa2 22. Na3 Rxc1 23. Qxc1 Ba6 24. Nb1 c4 25. bxc4 bxc4 26. dxc4 Bxc4 27. Be1 Bd5 28. Nbd2 Bb4 29. Kg3 Bc3 30. Bf2 h6 31. Qd1 Be4 32. Nxe4 fxe4 33. Ne1 e3 34. Bg1 Bxe1+ 35. Qxe1 Qxc2 36. Qa1 Qe4 37. Qa6 d3 38. Qc8+ Kh7 39. Qxe6 d2 40. Bxe3 Qxe3+ 0-1

[Event "Ambelokipi op 097th"]
[Site "Athens"]
[Date "2009.06.06"]
[Round "3"]
[White "Haralabidis, Tengkiz"]
[Black "Himaras, Stefanos"]
[Result "0-1"]
[WhiteElo "2122"]
[BlackElo "2274"]
[PlyCount "60"]
[EventDate "2009.06.06"]
[EventType "swiss"]
[EventRounds "6"]
[EventCountry "GRE"]
[SourceTitle "EXT 2024"]
[Source "ChessBase"]
[SourceDate "2023.10.10"]
[SourceVersion "1"]
[SourceVersionDate "2023.10.10"]
[SourceQuality "1"]

1. e4 g6 2. d4 d6 3. Nc3 Bg7 4. Be3 a6 5. Be2 Nd7 6. h4 h5 7. Qd2 b5 8. d5 Bb7 9. 0-0-0 Ngf6 10. f3 c6 11. dxc6 Bxc6 12. Nh3 Qc7 13. Nf4 Rc8 14. Rdg1 Qb7 15. Kb1 b4 16. Nd1 a5 17. Nf2 a4 18. N4d3 Rb8 19. g4 hxg4 20. Nxg4 a3 21. b3 Bxe4 22. Nxf6+ Nxf6 23. h5 Nd5 24. h6 Bf6 25. Bg5 Nc3+ 26. Ka1 Bd4 27. Be3 Qa7 28. Bxd4 Qxd4 29. fxe4 Nxe2+ 30. c3 bxc3 0-1